[Event "Come on big boy!!"]
[Site "http://www.queenalice.com/game.php?id=682806"]
[Date "2009.11.14"]
[Round "-"]
[White "Zwaanman"]
[Black "JoeFru"]
[Result "1-0"]
[WhiteElo "1365"]
[BlackElo "1100"]

1. b3 e5 2. d3 d6 3. g3 f5 4. Nh3 b5 5. Bg5 Qd7 6. Nc3 h6 7. Bc1 Bb7 8. Rg1 b4
9. Na4 Bc6 10. Bg2 d5 11. f3 Na6 12. g4 f4 13. Bb2 Bc5 14. Nxc5 Nxc5 15. a3 Rb8
16. axb4 Rxb4 17. Ba3 Na6 18. Bxb4 Nxb4 19. Rxa7 Qc8 20. c3 Na6 21. Qa1 Nc5 22.
Ra5 Nxb3 23. Qa3 Nxa5 24. Qxa5 Kd7 25. Nf2 Qb7 26. Kd2 Qb2+ 27. Ke1 Qb1+ 28. Nd1
Qb3 29. Qb4 Qa2 30. Kf2 Ne7 31. Bh3 Ra8 32. g5+ Kd8 33. gxh6 Ba4 34. h7 Qa1 35.
h8=Q+ Ng8 36. Qxg8+ 1-0

[Event "Challenge"]
[Site "http://www.queenalice.com/game.php?id=686291"]
[Date "2009.11.20"]
[Round "-"]
[White "JoeFru"]
[Black "Zwaanman"]
[Result "1-0"]
[WhiteElo "1033"]
[BlackElo "1397"]

1. e4 b6 2. d3 g6 3. Be2 d6 4. Bd2 Na6 5. c4 Bg7 6. f3 Bxb2 7. Bc3 Bxa1 8. Bxa1
f6 9. g4 h5 10. Qa4+ b5 11. Qxb5+ Kf8 12. Qc6 Rb8 13. Bd4 Qd7 14. Qd5 e6 15. Qa5
Rxb1+ 16. Kf2 hxg4 17. fxg4 e5 18. Bxa7 Rb7 19. Be3 Nb4 20. a3 Nc2 21. Qc3 Nxe3
22. Kxe3 c5 23. h3 f5 24. g5 f4+ 25. Kf3 Rh4 26. Bd1 Qc6 27. Qa5 Bg4+ 28. hxg4
Rxh1 29. Qd8+ Kg7 30. Kg2 Rd7 31. Qa5 Rh5 32. gxh5 gxh5 33. Bxh5 d5 34. Be8 f3+
35. Nxf3 Qc7 36. Qe1 Re7 37. Bb5 dxe4 38. Qxe4 Qa7 39. Nh4 Re8 40. Qg6+ Kf8 41.
Bxe8 Qa8+ 42. Bc6 Qc8 43. Qd6+ Ne7 44. Qf6+ Kg8 45. Bf3 Qf8 46. Qe6+ Qf7 47.
Qxe5 Qg7 48. Qb8+ Kh7 49. Be4+ Ng6 50. Bxg6+ Qxg6 51. Nxg6 Kxg6 52. a4 Kxg5 53.
a5 Kh4 54. a6 1-0

[Event "Challenge"]
[Site "http://www.queenalice.com/game.php?id=686649"]
[Date "2009.11.21"]
[Round "-"]
[White "JoeFru"]
[Black "Zwaanman"]
[Result "0-1"]
[WhiteElo "1287"]
[BlackElo "1397"]

1. f4 e6 2. Na3 b6 3. Nc4 Qf6 4. g3 g6 5. e3 b5 6. Ne5 d6 7. Bxb5+ c6 8. Nxc6 a6
9. Ba4 Bd7 10. Qf3 Ne7 11. Nd4 Ra7 12. b3 Bc6 13. Bxc6+ Nexc6 14. c3 Rc7 15. a4
Na5 16. b4 Nac6 17. a5 Bh6 18. h4 Nxd4 19. exd4 O-O 20. Ne2 Rc6 21. Ra4 Qd8 22.
d3 f5 23. c4 Rc8 24. Nc3 Qc7 25. Be3 Qc6 26. d5 exd5 27. cxd5 Qxc3+ 28. Bd2
Rfe8+ 29. Kd1 Qc2# 0-1

[Event "Challenge"]
[Site "http://www.queenalice.com/game.php?id=689213"]
[Date "2009.11.26"]
[Round "-"]
[White "Zwaanman"]
[Black "JoeFru"]
[Result "0-1"]
[WhiteElo "1367"]
[BlackElo "1312"]

1. d3 e5 2. b3 Bb4+ 3. c3 Bc5 4. Na3 Qh4 5. g3 Qf6 6. Nb5 Bxf2+ 7. Kd2 Qc6 8.
Nh3 Qxh1 9. Nxf2 Qxh2 10. Nxc7+ Kd8 11. Nxa8 Qxf2 12. Qe1 Qg1 13. Ba3 b6 14. Bd6
Nc6 15. Nc7 Nf6 16. Nb5 Nh5 17. g4 Ng3 18. Bh3 Qh2 19. Bf1 Qh6+ 20. Kc2 Ba6 21.
Bc7+ Kc8 22. Nd6+ Kxc7 23. Nf5 Qf6 24. Qxg3 Qg5 25. d4 Kd8 26. Nd6 Rf8 27. e4
Bxf1 28. Rxf1 f6 29. Qd3 Kc7 30. Nb5+ Kb7 31. Nd6+ Kc7 32. d5 Na5 33. Nb5+ Kb8
34. Rh1 Qxg4 35. Rxh7 Qg2+ 36. Qd2 Qxe4+ 37. Kb2 g5 38. d6 Qxh7 39. b4 Nc4+ 0-1

[Event "Lets go biatch"]
[Site "http://www.queenalice.com/game.php?id=691720"]
[Date "2009.12.2"]
[Round "-"]
[White "bevo"]
[Black "JoeFru"]
[Result "1-0"]
[WhiteElo "1438"]
[BlackElo "1339"]

1. e4 e5 2. Qf3 d6 3. Bc4 Be6 4. Bxe6 fxe6 5. d3 c5 6. Nh3 Qa5+ 7. Bd2 Qa4 8. b3
Qd7 9. Qg4 Be7 10. Ng5 h6 11. Nxe6 Bf8 12. Qf5 Nf6 13. Nc3 Qf7 14. b4 g6 15. Qh3
Nc6 16. Ng5 Qg8 17. Ne6 Rc8 18. Nxc5 dxc5 19. Qxc8+ Nd8 20. bxc5 Qe6 21. Qc7 Rh7
22. Qa5 Nd7 23. Na4 Nc6 24. Qb5 Nd8 25. c4 Qg4 26. O-O Qe2 27. c6 Nxc6 28. Qxb7
Ncb8 29. Ba5 Qxd3 30. Nc5 Bxc5 31. Rac1 Qa3 32. Qc7 Qxa2 33. Rc3 Rf7 34. Qd8#
1-0

[Event "Going down Malta Man!!"]
[Site "http://www.queenalice.com/game.php?id=693368"]
[Date "2009.12.5"]
[Round "-"]
[White "Zwaanman"]
[Black "JoeFru"]
[Result "1-0"]
[WhiteElo "1354"]
[BlackElo "1444"]

1. d4 d5 2. c3 Nc6 3. e3 b6 4. Na3 Bb7 5. Nf3 f5 6. Nh4 e6 7. Qh5+ g6 8. Nxg6
Nf6 9. Qh4 hxg6 10. Qxh8 Nh5 11. Qh7 Ne7 12. g4 fxg4 13. Rg1 Qd6 14. Rxg4 Qxh2
15. Bd3 Qd6 16. Bxg6+ Kd7 17. Bxh5 Qh2 18. Nb5 c6 19. Na3 b5 20. e4 Qh1+ 21. Kd2
Qf3 22. Ke1 Qh1+ 23. Ke2 Qh2 24. Bf4 Qh1 25. Rxh1 a6 26. Bh6 Kd6 27. Rf4 Rb8 28.
Bxf8 Re8 29. Bxe8 1-0

[Event "Challenge"]
[Site "http://www.queenalice.com/game.php?id=693441"]
[Date "2009.12.5"]
[Round "-"]
[White "horsemen"]
[Black "JoeFru"]
[Result "1-0"]
[WhiteElo "1349"]
[BlackElo "1354"]

1. e4 Nf6 2. d3 e5 3. Nf3 Bc5 4. c4 Bb4+ 5. Nc3 d6 6. a3 Bc5 7. b4 Bd4 8. Nxd4
exd4 9. Ne2 Qd7 10. Nxd4 g6 11. Bg5 Ng8 12. Qf3 Qa4 13. b5 Qa5+ 14. Ke2 Qc3 15.
Ra2 Qxd4 16. a4 h5 17. g3 Bg4 18. Bg2 Bxf3+ 19. Bxf3 Qc3 20. Raa1 f6 21. Bf4 g5
22. Bd2 Qe5 23. Ba5 Qb2+ 24. Ke3 g4 25. Be2 b6 26. Rhb1 Qc2 27. Bd1 Qxb1 28.
Rxb1 bxa5 29. f3 Nh6 30. d4 Nd7 31. Kf4 Rg8 32. d5 Rg5 33. Be2 Ne5 34. fxg4 hxg4
35. Rb3 f5 36. Kxg5 Nhf7+ 37. Kxf5 Nf3 38. h3 Ng1 39. Bxg4 Kd7 40. h4 Rg8 41.
Bh5 Ne5 42. g4 Ngf3 43. Kf4 Nxh4 44. c5 Rxg4+ 45. Bxg4+ Kd8 46. b6 axb6 47. cxb6
Ng2+ 48. Kg3 Nxg4 49. Kxg4 cxb6 50. Rxb6 Ne3+ 51. Kf4 Nc4 52. Rc6 Ne5 53. Rxd6+
Nd7 54. Ra6 1-0

[Event "Challenge"]
[Site "http://www.queenalice.com/game.php?id=694275"]
[Date "2009.12.7"]
[Round "-"]
[White "JoeFru"]
[Black "Zwaanman"]
[Result "0-1"]
[WhiteElo "1382"]
[BlackElo "1393"]

1. d4 d5 2. Nf3 e6 3. g3 Nh6 4. Bg2 Nc6 5. O-O Bb4 6. Nc3 Nf5 7. a3 Ba5 8. b4
Bb6 9. Bf4 Ncxd4 10. e3 Nc6 11. g4 e5 12. Bg5 f6 13. Bh4 Nxh4 14. Nxh4 f5 15.
Nf3 fxg4 16. Ne1 d4 17. Ne4 dxe3 18. fxe3 Bxe3+ 19. Rf2 Bxf2+ 20. Kxf2 Qh4+ 21.
Ng3 Rf8+ 22. Kg1 Be6 23. Be4 Rd8 24. Qe2 Bd5 25. Nf5 Qg5 26. Rd1 Bb3 27. cxb3 g3
28. h4 Qf4 29. Nxg7+ Kf7 30. Nh5 Qxh4 31. Ng2 Qh2+ 32. Kf1 Qh1# 0-1

[Event "Try your luck Malta Boy!"]
[Site "http://www.queenalice.com/game.php?id=694808"]
[Date "2009.12.8"]
[Round "-"]
[White "Zwaanman"]
[Black "JoeFru"]
[Result "1-0"]
[WhiteElo "1427"]
[BlackElo "1309"]

1. d4 d5 2. Nh3 Bxh3 3. gxh3 Nc6 4. Bg2 e6 5. Nc3 Bb4 6. O-O Nh6 7. a3 Ba5 8. b4
Bb6 9. e4 Bxd4 10. Bb2 dxe4 11. Bxe4 f5 12. Bg2 e5 13. Rc1 f4 14. Na4 b5 15. Nc3
g5 16. Bxc6+ Kf8 17. Bxa8 Qxa8 18. Qh5 Qc6 19. Rce1 Nf7 20. Ne4 h6 21. Rc1 Qxe4
22. Ba1 Rg8 23. Qg4 Kg7 24. c3 Bb6 25. Rce1 Qc6 26. Qg2 Qc4 27. h4 Kh7 28. Qb7
gxh4+ 29. Kh1 Rd8 30. Qe4+ Kg7 31. Qg2+ Kf6 32. Qg4 Qd5+ 33. f3 h5 34. Qxh4+ Ng5
35. c4 bxc4 36. Bxe5+ Kg6 37. Bxf4 Nxf3 38. Qg3+ Kf7 39. Rxf3 Rg8 40. Qh3 Rg4
41. Bh6+ Kg6 42. Be3 c5 43. b5 Ba5 44. Rf1 c3 45. Rg1 Qe4 46. Rxg4+ hxg4 47.
Qh6# 1-0

[Event "Challenge"]
[Site "http://www.queenalice.com/game.php?id=695824"]
[Date "2009.12.10"]
[Round "-"]
[White "JoeFru"]
[Black "Zwaanman"]
[Result "1-0"]
[WhiteElo "1283"]
[BlackElo "1454"]

1. g3 e5 2. Bg2 Nf6 3. Nf3 Bc5 4. O-O Ne4 5. Nxe5 Ng5 6. e3 d6 7. Nd3 Na6 8. a4
Nb4 9. f4 Ne6 10. b3 Qf6 11. c3 Nxd3 12. b4 Nxc1 13. Qxc1 Bb6 14. Qc2 a5 15.
bxa5 Bxa5 16. Qb3 Bd7 17. Qxb7 Qd8 18. Qd5 Bc6 19. Qxc6+ Ke7 20. f5 Nc5 21. Qb5
Ra6 22. Bc6 Bb6 23. a5 Ba7 24. d4 Bb8 25. dxc5 Ra7 26. a6 Qc8 27. Ra4 h5 28.
Rff4 Rh6 29. Rfe4+ Re6 30. fxe6 f5 31. Rh4 Qxe6 32. Kf2 Qc8 33. Rxh5 f4 34. Re4+
Kf8 35. Rf5+ 1-0

[Event "Dual Nations Cup"]
[Site "http://www.queenalice.com/game.php?id=696249"]
[Date "2009.12.11"]
[Round "-"]
[White "bevo"]
[Black "JoeFru"]
[Result "1-0"]
[WhiteElo "1418"]
[BlackElo "1331"]

1. e4 Nf6 2. d3 h6 3. e5 Nd5 4. c4 Nb6 5. d4 g5 6. Nc3 Bg7 7. c5 O-O 8. cxb6
axb6 9. Bc4 e6 10. Qe2 c6 11. Qe4 f5 12. Qd3 d5 13. Bb3 g4 14. Bc2 Ra5 15. h3
Qh4 16. g3 Qh5 17. Nge2 Na6 18. Nf4 Qe8 19. hxg4 Nb4 20. Qe2 c5 21. Ba4 b5 22.
Bxb5 Rxb5 23. Nxb5 Qc6 24. Ng6 c4 25. Ne7+ Kh8 26. Nxc6 bxc6 27. Nc7 Nd3+ 28.
Kd1 Rd8 29. g5 Bf8 30. gxh6 Bd6 31. exd6 Rxd6 32. h7 f4 33. Bxf4 Rd7 34. Be5+
1-0

[Event "Challenge"]
[Site "http://www.queenalice.com/game.php?id=696251"]
[Date "2009.12.11"]
[Round "-"]
[White "bruhno"]
[Black "JoeFru"]
[Result "0-1"]
[WhiteElo "1457"]
[BlackElo "1308"]

1. e4 Nf6 2. Nc3 g5 3. Qh5 Nxh5 4. g4 Nf6 5. d4 Nxg4 6. Bxg5 f6 7. Bh4 Bh6 8. h3
Rg8 9. hxg4 Rxg4 10. f3 Rg6 11. Bd3 c6 12. e5 d5 13. Bxg6+ hxg6 14. Rd1 g5 15.
Bf2 Bf8 16. Rh8 Qd7 17. Kd2 Qf5 0-1

[Event "Assmuncher Cup"]
[Site "http://www.queenalice.com/game.php?id=697360"]
[Date "2009.12.13"]
[Round "-"]
[White "Zwaanman"]
[Black "JoeFru"]
[Result "0-1"]
[WhiteElo "1452"]
[BlackElo "1307"]

1. d4 e6 2. Nf3 Be7 3. a3 h6 4. Nc3 d5 5. e3 Bd6 6. Nh4 Qxh4 7. Nb5 a6 8. g3 Qe7
9. Nxd6+ Qxd6 10. h4 f5 11. Qh5+ Kd8 12. Qg6 Qf8 13. Qh5 Nf6 14. Qd1 b5 15. Bg2
c6 16. f4 Qf7 17. a4 Qg6 18. Rh3 Ne4 19. h5 Qg4 20. Rh4 Qxg3+ 21. Kf1 Qf2# 0-1

[Event "The real deal"]
[Site "http://www.queenalice.com/game.php?id=698950"]
[Date "2009.12.16"]
[Round "-"]
[White "JoeFru"]
[Black "bevo"]
[Result "0-1"]
[WhiteElo "1326"]
[BlackElo "1431"]

1. e4 e5 2. f3 Bc5 3. Ne2 Ne7 4. c3 O-O 5. b4 Bb6 6. c4 Bd4 7. Nec3 Ng6 8. g3
Nf4 9. gxf4 Qh4+ 10. Ke2 b6 11. Qe1 Qxf4 12. d3 Qf6 13. Be3 Na6 14. a3 Bxe3 15.
Nd5 Qe6 16. Nxe3 c6 17. h4 b5 18. Bh3 Qe8 19. c5 f6 20. Bg4 h5 21. Bh3 d5 22.
Nf5 Bxf5 23. exf5 Nc7 24. Rh2 Ne6 25. Kd1 Nd4 26. Qf2 a5 27. Ra2 axb4 28. f4 b3
29. Rb2 Ra4 30. Qd2 Nf3 31. Qf2 Nxh2 32. Qxh2 Rxf4 33. Bf1 Rxf1+ 34. Ke2 Rxf5
35. Rxb3 e4 36. dxe4 Qxe4+ 37. Kd1 Qd4+ 38. Nd2 Rf1+ 39. Ke2 Rf4 40. Rb4 Re8+
41. Kd1 Qa1+ 42. Rb1 Qxa3 43. Qxf4 Qxc5 44. Nb3 Qc3 45. Qd6 Re1# 0-1

[Event "Challenge"]
[Site "http://www.queenalice.com/game.php?id=699159"]
[Date "2009.12.17"]
[Round "-"]
[White "sovietico_1953"]
[Black "JoeFru"]
[Result "1-0"]
[WhiteElo "1507"]
[BlackElo "1324"]

1. e4 Nf6 2. d3 e5 3. a3 a5 4. Nf3 d6 5. h3 h6 6. Bd2 b6 7. Be2 Nh5 8. O-O Be7
9. c3 c5 10. Qa4+ Bd7 11. Qb3 a4 12. Qc2 Bg5 13. Nh2 Nf6 14. Be1 h5 15. Nf3 Nh7
16. Bd2 h4 17. Qc1 Nc6 18. Nxg5 Nxg5 19. Bxg5 f6 20. Be3 g5 21. Nd2 Qc8 22. Nc4
Qc7 23. Qd1 Rb8 24. Bh5+ Kf8 25. Bf3 b5 26. Nd2 1-0

[Event "Challenge"]
[Site "http://www.queenalice.com/game.php?id=699340"]
[Date "2009.12.17"]
[Round "-"]
[White "JoeFru"]
[Black "Zwaanman"]
[Result "1-0"]
[WhiteElo "1340"]
[BlackElo "1447"]

1. e3 e5 2. c3 d6 3. f3 Na6 4. b3 Nf6 5. b4 Bd7 6. g4 Bc6 7. c4 e4 8. b5 Bd7 9.
bxa6 bxa6 10. a4 Bc6 11. Bg2 Qd7 12. h3 exf3 13. Bxf3 Bxf3 14. Nxf3 Ne4 15. Ba3
Ng3 16. Rg1 Ne4 17. Qb3 Nc5 18. Qc2 Nxa4 19. Nc3 d5 20. Nxa4 dxc4 21. Qe4+ Kd8
22. Qxa8+ Qc8 23. Qxa7 h5 24. Qd4+ Qd7 25. Nc5 Qxd4 26. exd4 hxg4 27. hxg4 Rh6
28. Nb7+ Kc8 29. Na5 Rh3 30. Ng5 Rd3 31. Bxf8 1-0

[Event "I'll be back!!"]
[Site "http://www.queenalice.com/game.php?id=701813"]
[Date "2009.12.22"]
[Round "-"]
[White "Zwaanman"]
[Black "JoeFru"]
[Result "1-0"]
[WhiteElo "1480"]
[BlackElo "1368"]

1. d4 e6 2. Nf3 a5 3. Bg5 f6 4. Bf4 g5 5. Be3 c6 6. Nc3 Ra6 7. d5 cxd5 8. Nb5
Rb6 9. Bxb6 Qxb6 10. Nbd4 Qxb2 11. Nb3 Bb4+ 12. Nbd2 Bxd2+ 13. Nxd2 Qb6 14. Rb1
Qd4 15. e3 Qa4 16. c4 Qxa2 17. Be2 b5 18. cxb5 Qa3 19. Rc1 Kd8 20. Nb1 Qd6 21.
Qa4 Qb4+ 22. Qxb4 axb4 23. O-O Ne7 24. e4 dxe4 25. Rc4 f5 26. Rxb4 Nd5 27. Rc4
g4 28. Ra4 Nb6 29. Ra5 Ke7 30. h3 h5 31. hxg4 hxg4 32. g3 Bb7 33. Kg2 Rc8 34.
Ra3 Rc2 35. Re1 e3+ 36. Kf1 exf2 37. Kxf2 Bf3 38. Rc3 Rb2 39. Re3 Nd5 40. Ra3
Nc7 41. Kf1 d5 42. Bxf3 gxf3 43. Rxf3 Nxb5 44. Rfe3 Nc7 45. Na3 d4 46. Nc4 Rc2
47. Na3 Ra2 48. Rb3 Nc6 49. Rb7 Kd7 50. Nb5 Ra5 51. Rxc7+ Kd8 52. Rxc6 Rxb5 53.
Rd6+ Ke7 54. Rexe6+ Kf8 55. Rf6+ Ke7 56. Rde6+ Kd8 57. Rf8+ Kd7 58. Re2 Rb3 59.
Rg8 Rf3+ 60. Rf2 d3 61. Rxf3 d2 62. Rd3+ 1-0

[Event "Assmuncher Cup!"]
[Site "http://www.queenalice.com/game.php?id=715502"]
[Date "2010.1.17"]
[Round "-"]
[White "Zwaanman"]
[Black "JoeFru"]
[Result "1-0"]
[WhiteElo "1496"]
[BlackElo "1334"]

1. d4 d5 2. e3 e6 3. Nf3 f5 4. Na3 Bd7 5. Ne5 a6 6. Nxd7 Qxd7 7. Qh5+ g6 8. Qg5
Bg7 9. e4 dxe4 10. Bc4 Bxd4 11. Qd2 b5 12. c3 Bc5 13. Be2 a5 14. Bxb5 c6 15. Be2
Qc7 16. f3 exf3 17. gxf3 Qe7 18. f4 Qh4+ 19. Kd1 Qf2 20. Qe1 Qg2 21. Nc4 Bf2 22.
Qf1 Qd5+ 23. Kc2 Qe4+ 24. Bd3 Qf3 25. Nd2 Qe3 26. h4 Be1 27. Rh3 Bg3 28. Nc4
Qf2+ 29. Qe2 Bxh4 30. Be3 Qxe2+ 31. Bxe2 Bf6 32. Nd6+ Ke7 33. Bc5 Nd7 34. Ba3 e5
35. Re3 e4 36. Bc4 Nh6 37. Nf7+ c5 38. Nxh8 Bxh8 39. Bd5 Rb8 40. b4 1-0